The Spirit of retirement : (Record no. 356543)
[ view plain ]
| 000 -LEADER | |
|---|---|
| fixed length control field | 00676nam a2200241Ia 4500 |
| 008 - FIXED-LENGTH DATA ELEMENTS--GENERAL INFORMATION | |
| fixed length control field | 180523s9999 xx 000 0 und d |
| 020 ## - INTERNATIONAL STANDARD BOOK NUMBER | |
| International Standard Book Number | 0-7615-6353-9 |
| 050 ## - LIBRARY OF CONGRESS CALL NUMBER | |
| Classification number | MAIN HQ 1062 |
| 050 ## - LIBRARY OF CONGRESS CALL NUMBER | |
| Item number | .A98 2002 |
| 100 ## - MAIN ENTRY--PERSONAL NAME | |
| Personal name | Autry, James A. |
| 245 #4 - TITLE STATEMENT | |
| Title | The Spirit of retirement : |
| 245 #0 - TITLE STATEMENT | |
| Remainder of title | creating a life of meaning and personal growth / |
| 245 #0 - TITLE STATEMENT | |
| Statement of responsibility, etc | James A. Autry. |
| 260 ## - PUBLICATION, DISTRIBUTION, ETC. (IMPRINT) | |
| Place of publication, distribution, etc | New York : |
| 260 ## - PUBLICATION, DISTRIBUTION, ETC. (IMPRINT) | |
| Name of publisher, distributor, etc | Prima Publishing, |
| 260 ## - PUBLICATION, DISTRIBUTION, ETC. (IMPRINT) | |
| Date of publication, distribution, etc | 2002 |
| 300 ## - PHYSICAL DESCRIPTION | |
| Extent | 292 pages : |
| 300 ## - PHYSICAL DESCRIPTION | |
| Dimensions | 22 cm. |
| 500 ## - GENERAL NOTE | |
| General note | Includes index. |
| 650 ## - SUBJECT ADDED ENTRY--TOPICAL TERM | |
| Topical term or geographic name as entry element | Maturation (Psychology). |
| 650 ## - SUBJECT ADDED ENTRY--TOPICAL TERM | |
| Topical term or geographic name as entry element | Retirement -- Psychological aspects. |
| 650 ## - SUBJECT ADDED ENTRY--TOPICAL TERM | |
| General subdivision | Self-actualization (Psychology). |
| Withdrawn status | Lost status | Damaged status | Home library | Current library | Shelving location | Date acquired | Cost, normal purchase price | Total Checkouts | Full call number | Barcode | Date last seen | Price effective from | Koha item type |
|---|---|---|---|---|---|---|---|---|---|---|---|---|---|
| South Mansfield College | South Mansfield College | 03/07/2005 | 340.00 | MAIN HQ 1062 .A98 2002 | SMC00753 | 05/23/2018 | 05/23/2018 |